LEADER 02068nam 2200517 450 001 9910815263703321 005 20220823162900.0 010 $a1-5231-2463-6 010 $a1-61300-505-9 035 $a(CKB)4100000008403143 035 $a(MiAaPQ)EBC5785720 035 $a(EXLCZ)994100000008403143 100 $a20190628d2019 uy 0 101 0 $aeng 135 $aurcnu|||||||| 181 $ctxt$2rdacontent 182 $cc$2rdamedia 183 $acr$2rdacarrier 200 00$aDrought preparedness and response 205 $aSecond edition. 210 1$aDenver, Colorado :$cAmerican Water Works Association,$d[2019] 210 4$d©2019 215 $a1 online resource (113 pages) 225 1 $aAWWA manual ;$vM60 311 1 $a1-62576-333-6 327 $aStep 1. Form a water shortage response team Step 2. Forecast supply in relation to demand Step 3. Balance supply and demand and assess mitigation options Step 4. Establish triggering levels Step 5. Develop a staged demand reduction program 330 $aM60 will help water managers facing water shortages by illustrating how to employ tried-and-true strategies and tactics of drought mitigation, as well as introducing new tools and methods. The manual accomplishes this by providing a step-by-step process to anticipate and respond to water shortages through a structured planning process. 410 0$aAWWA manual ;$vM60. 606 $aWater-supply$zUnited States$xManagement 606 $aDroughts$zUnited States$xManagement 606 $aDroughts$xManagement 615 0$aWater-supply$xManagement. 615 0$aDroughts$xManagement. 615 0$aDroughts$xManagement 676 $a363.34929 700 $aBrown$b Chris$g(Consultant),$0262335 701 $aBrown$b Chris$0262335 701 $aMaddaus$b Lisa A$01615437 712 02$aAmerican Water Works Association, 801 0$bMiAaPQ 801 1$bMiAaPQ 801 2$bMiAaPQ 906 $aBOOK 912 $a9910815263703321 996 $aDrought preparedness and response$93945639 997 $aUNINA LEADER 04934nam 2200577Ia 450 001 9910437903903321 005 20260331110404.0 010 $a9781461469346 010 $a1461469341 024 7 $a10.1007/978-1-4614-6934-6 035 $a(OCoLC)851371377 035 $a(MiFhGG)GVRL6YPG 035 $a(CKB)2670000000388017 035 $a(MiAaPQ)EBC1317567 035 $a(MiFhGG)9781461469346 035 $a(MiFhGG)9781461469339 035 $a(EXLCZ)992670000000388017 100 $a20130708d2013 uy 0 101 0 $aeng 135 $aurun|---uuuua 181 $ctxt 182 $cc 183 $acr 200 00$aWhere humans meet machines $einnovative solutions for knotty natural-language problems /$fAmy Neustein, Judith A. Markowitz, editors 205 $a1st ed. 2013. 210 $aNew York $cSpringer$d2013 215 $a1 online resource (xv, 315 pages) $cillustrations (some color), maps (some color) 225 0 $aGale eBooks 300 $aDescription based upon print version of record. 311 08$a9781489991829 311 08$a1489991824 311 08$a9781461469339 311 08$a1461469333 320 $aIncludes bibliographical references. 327 $aPreface -- Making the Case for an Open, Unified System Architecture in Response to Rapid Developments in the Natural Language Industry: Translingual Automatic Language Exploration System (TALES) -- The Burgeoning of Medical Social-Media Postings and the Need for Improved Natural Language Mapping Tools -- Machine Translation: the Enterprise Point of View -- Speech-Enabled Unified Communications: Overcoming the Multilingual Challenges of the European Market -- Exploiting Lexical Sensitivity in Performing Word-Sense Disambiguation -- Summarizing Short Texts through a Discourse-Centered Approach in a Multilingual Context -- Handling Two Difficult Challenges for Text-to-Speech Synthesis Systems:  Out-of-Vocabulary Words and Prosody -- A Case Study in Romanian -- MAP: An Abstraction-Based Metaphor Analysis Program for Overcoming Cross-Modal Challenges -- Translation of Idiomatic Expressions across Different Languages: A Study of the Effectiveness of TransSearch -- Argumentation-Based Dialog Systems for Medical Training -- Design of Dialog-Based Intelligent Tutoring Systems to Simulate Human-to-Human Tutoring.- TCAD: Vocabulary Acquisition Tool for Motivating Bilingual Pupils with Hearing Impairments in Learning English -- A Hybrid Approach to Automated Rating of Foreign Language Proficiency Using Oral Test Responses.- Multilingual Systems, Translation Technology and Their Impact on the Translator?s Profession -- Editors? biographies. 330 $aWhere Humans Meet Machines: Innovative Solutions for Knotty Natural-Language Problems brings humans and machines closer together by showing how linguistic complexities that confound the speech systems of today can be handled effectively by sophisticated natural-language technology. Some of the most vexing natural-language problems that are addressed in this book entail   recognizing and processing idiomatic expressions, understanding metaphors, matching an anaphor correctly with its antecedent, performing word-sense disambiguation, and handling out-of-vocabulary words and phrases. This fourteen-chapter anthology consists of contributions from industry scientists and from academicians working at major universities in North America and Europe. They include researchers who have played a central role in DARPA-funded programs and developers who craft real-world solutions for corporations. These contributing authors analyze the role of natural language technology in the global marketplace; they explore the need for natural language mapping-tools that can cull important data from the vast array of social-media postings; they describe innovative Natural Language Processing (NLP) methods and applications; and they offer NLP tools for physicians, educators, and translators.  Their contributions constitute diverse and multifaceted solutions for the knotty natural-language problems that permeate everyday human communications. Where Humans Meet Machines: Innovative Solutions for Knotty Natural-Language Problems is designed for speech engineers, system developers, computer scientists, AI researchers, and others interested in utilizing natural-language technology in both spoken and text-based applications. . 606 $aNatural language processing (Computer science) 606 $aComputational linguistics 615 0$aNatural language processing (Computer science) 615 0$aComputational linguistics. 676 $a006.3 676 $a006.35 701 $aNeustein$b Amy$01380473 701 $aMarkowitz$b Judith A$01749922 801 0$bMiAaPQ 801 1$bMiAaPQ 801 2$bMiAaPQ 906 $aBOOK 912 $a9910437903903321 996 $aWhere humans meet machines$94184383 997 $aUNINA